Najbardziej zalesione województwa - nagła śmierć - Statystyki

Ogólne statystyki
  • Ten quiz został rozwiązany 80 razy
  • Średni wynik to 4 z 10
Answers on the Grid
Answers color-coded by a green-red scale on the quiz's grid according to % correct below.
Dolnośląskie
Kujawsko-pomorskie
Łódzkie
Lubelskie
Lubuskie
Małopolskie
Mazowieckie
Opolskie
Podkarpackie
Podlaskie
Pomorskie
Śląskie
Świętokrzyskie
Warmińsko-mazurskie
Wielkopolskie
Zachodniopomorskie
 
Statystyki odpowiedzi
Odpowiedź % Poprawnych
Podlaskie
51%
Warmińsko-mazurskie
49%
Zachodniopomorskie
49%
Podkarpackie
47%
Dolnośląskie
45%
Lubuskie
45%
Świętokrzyskie
33%
Pomorskie
31%
Małopolskie
29%
Śląskie
18%
Nie znaleziono quizów pasujących do podanych kryteriów
Rozkład punktacji
Procent ludzi z każdym wynikiem
Percentyl według liczby udzielonych odpowiedzi
Twoja historia wyników
Nie rozwiązałeś tego quizu